000 00919nam a2200325 i 4500
001 data
005 20260322212102.0
008 data
035 _a3191502
906 _a7
_bcbc
_corignew
_d3
_encip
_f19
_gy-gencatlg
010 _a 76676986
015 _aSp***
020 _a8485012151 :
_c750ptas
020 _a9788485012152
035 _9(DLC) 76676986
040 _aDLC
_cDLC
_dDLC
050 1 0 _aRM300
_b.A49
060 _aQV4 A435f 1976
100 1 _aAlfonso Sanjuan, Mario.
245 1 0 _aFarmacología fundamental /
_cMario Alfonso Sanjuan.
260 _aValladolid :
_bLex Nova,
_c1976.
300 _a486 p. ;
_c24 cm.
336 _atext
_btxt
_2rdacontent
337 _aunmediated
_bn
_2rdamedia
338 _avolume
_bnc
_2rdacarrier
500 _aIncludes index.
650 0 _aPharmacology.
650 2 _aPharmacology.
999 _c1481
_d1481